000 00615nmm a2200169Ia 4500
008 251105s9999||||xx |||||||||||||||||und||
020 _a9789587382686
041 _aspa
100 _aPérez Gómez, Carlos Hernán
245 0 _aProgramas pioneros de administración de empresas en Bogotá: Una contribución educativa para el desarrollo empresarial Colombiano
264 _a[Bogotá, Colombia] :
_bUniversidad del Rosario,
_c2012
300 _a241 páginas
490 _aTextos de administración
650 _aEconomics and Business
856 _uhttps://public.digitaliapublishing.com/a/60924
942 _cCF
999 _c95722
_d95722